[Event "Hastings Masters 2011-12"]
[Site "Hastings ENG"]
[Date "2011.12.28"]
[Round "1.32"]
[White "Canonne, Antoine"]
[Black "Franklin, Samuel G A"]
[Result "1/2-1/2"]
[WhiteElo "2023"]
[BlackElo "2179"]
[PlyCount "49"]
[EventDate "2011.12.28"]

1. e4 e5 2. Nc3 Nf6 3. f4 d5 4. fxe5 Nxe4 5. d3 Nxc3 6. bxc3 d4 7. Nf3 Nc6 8.
Be2 Bc5 9. c4 O-O 10. O-O Re8 11. Bf4 Bg4 12. Qe1 f6 13. Qg3 fxe5 14. Qxg4 exf4
15. Rf2 Qf6 16. Raf1 h6 17. g3 fxg3 18. hxg3 Re3 19. Kg2 Rae8 20. Bd1 Bd6 21.
Nd2 Qe6 22. Qxe6+ R8xe6 23. Ne4 R6xe4 24. dxe4 Rxg3+ 25. Kh1 1/2-1/2

[Event "Hastings Masters 2011-12"]
[Site "Hastings ENG"]
[Date "2011.12.28"]
[Round "1.33"]
[White "Olsarova, Tereza"]
[Black "Das, Arghyadip"]
[Result "0-1"]
[WhiteElo "2232"]
[BlackElo "2470"]
[PlyCount "94"]
[EventDate "2011.12.28"]

1. e4 e6 2. Nf3 d5 3. e5 c5 4. b4 cxb4 5. d4 Nc6 6. a3 Bd7 7. axb4 Bxb4+ 8. c3
Be7 9. Bd3 f5 10. g4 fxg4 11. Ng1 Bf8 12. Qxg4 Nge7 13. Nf3 Nf5 14. Ng5 Nce7
15. Ba3 g6 16. c4 dxc4 17. Bxc4 Bc6 18. Bxe6 Qxd4 19. Bf7+ Kd7 20. Be6+ Ke8 21.
Bf7+ Kd7 22. Be6+ Kc7 23. Bd6+ Kd8 24. Bxf5 Qxa1 25. Bd3 Qa5+ 26. Ke2 Bxh1 27.
Ne6+ Ke8 28. Nc7+ Kd8 29. Nxa8 Qa2+ 30. Nd2 Bc6 31. Bc4 Qc2 32. Bc7+ Ke8 33.
Qd4 Nd5 34. Bxd5 Bb5+ 35. Kf3 Bc5 36. Bf7+ Kxf7 37. e6+ Kxe6 38. Qe5+ Kd7 39.
Qg7+ Be7 40. Qd4+ Kc6 41. Qxh8 Qxd2 42. Bf4 Qd3+ 43. Be3 Qd1+ 44. Kg3 Qg1+ 45.
Kf3 Qh1+ 46. Kg3 Bd6+ 47. f4 Qe1+ 0-1

[Event "Hastings Masters 2011-12"]
[Site "Hastings ENG"]
[Date "2011.12.28"]
[Round "1.35"]
[White "Karthikeyan, Murali"]
[Black "Wallis, Ian J"]
[Result "1/2-1/2"]
[WhiteElo "2154"]
[BlackElo "2003"]
[PlyCount "76"]
[EventDate "2011.12.28"]

1. e4 e5 2. Nf3 Nc6 3. Bc4 Nf6 4. d3 Be7 5. O-O O-O 6. c3 d6 7. a4 Kh8 8. Na3
a6 9. Nc2 Be6 10. Re1 h6 11. b4 Nh7 12. Bxe6 fxe6 13. d4 exd4 14. Nfxd4 Nxd4
15. Nxd4 Qc8 16. e5 dxe5 17. Nf3 Bd6 18. Nxe5 Qe8 19. Bb2 Rf5 20. Nd3 Qg6 21.
Qe2 Ng5 22. f4 Bxf4 23. Rf1 Bd6 24. Rxf5 exf5 25. Re1 f4 26. Kh1 Rf8 27. Rf1
Re8 28. Qd2 Re3 29. Nxf4 Qe4 30. Bc1 Bxf4 31. Qd8+ Kh7 32. Bxe3 Qxe3 33. Qf8
Bd6 34. Qf5+ Kh8 35. Qc8+ Kh7 36. Qf5+ Kh8 37. Qc8+ Kh7 38. Qf5+ Kh8 1/2-1/2

[Event "Hastings Masters 2011-12"]
[Site "Hastings ENG"]
[Date "2011.12.28"]
[Round "1.36"]
[White "Pickersgill, Adrian O"]
[Black "Hagesaether, Arne"]
[Result "1-0"]
[WhiteElo "1990"]
[BlackElo "2152"]
[PlyCount "83"]
[EventDate "2011.12.28"]

1. e4 c6 2. d4 d5 3. f3 dxe4 4. fxe4 e5 5. Nf3 Be6 6. c3 Nf6 7. Bd3 Nbd7 8. O-O
Qb6 9. Kh1 O-O-O 10. Qe2 Ng4 11. a4 a5 12. Na3 f6 13. Nc2 Bd6 14. Bd2 Bb3 15.
Ne3 Nxe3 16. Bxe3 exd4 17. Nxd4 Bc5 18. Nxb3 Qxb3 19. Bc4 Qb6 20. Bf4 Rhe8 21.
Rfb1 g5 22. Bg3 h5 23. b4 axb4 24. a5 Qa7 25. cxb4 Bd4 26. b5 Bxa1 27. bxc6 Be5
28. cxd7+ Rxd7 29. Bb5 Red8 30. Bxd7+ Kxd7 31. Qb5+ Ke6 32. Qc4+ Ke7 33. Bxe5
Qxa5 34. Rxb7+ Rd7 35. Rxd7+ Kxd7 36. Qf7+ Kc8 37. Qe8+ Kb7 38. Qb8+ Kc6 39.
Qc8+ Kb5 40. Qd7+ Ka6 41. Qc6+ Ka7 42. Qc7+ 1-0

[Event "Hastings Masters 2011-12"]
[Site "Hastings ENG"]
[Date "2011.12.28"]
[Round "1.37"]
[White "Green, Andrew D"]
[Black "Flynn, David"]
[Result "1-0"]
[WhiteElo "2145"]
[BlackElo "1978"]
[PlyCount "53"]
[EventDate "2011.12.28"]

1. e4 c5 2. Nf3 d6 3. d4 cxd4 4. Nxd4 Nf6 5. Nc3 a6 6. Be3 e5 7. Nf3 Be7 8. Bc4
b5 9. Bd5 Nxd5 10. Qxd5 Qc7 11. Qxa8 Bb7 12. Qa7 Bd8 13. Bd2 Nd7 14. Qe3 b4 15.
Nd5 Qxc2 16. O-O Bxd5 17. exd5 Bb6 18. Qg5 O-O 19. Bxb4 Nc5 20. Bxc5 Bxc5 21.
Qd2 Qg6 22. b4 Bb6 23. Rac1 e4 24. Nd4 h5 25. Rc6 Bd8 26. Qf4 Be7 27. Qf5 1-0

[Event "Hastings Masters 2011-12"]
[Site "Hastings ENG"]
[Date "2011.12.28"]
[Round "1.38"]
[White "Spanton, Tim R"]
[Black "Martinsen, Stig K"]
[Result "0-1"]
[WhiteElo "1978"]
[BlackElo "2145"]
[PlyCount "102"]
[EventDate "2011.12.28"]

1. c4 e5 2. Nc3 Nf6 3. g3 g6 4. Bg2 Bg7 5. e4 O-O 6. Nge2 d6 7. d4 exd4 8. Nxd4
Nc6 9. Nxc6 bxc6 10. O-O Be6 11. Qa4 Nd7 12. Be3 c5 13. Rfd1 Bxc3 14. bxc3 Nb6
15. Qc2 Qe7 16. e5 Rab8 17. exd6 cxd6 18. Bh6 Rfe8 19. Bc6 Red8 20. Qe4 Nxc4
21. Bd5 Ne5 22. f4 Bxd5 23. Qxd5 Ng4 24. Re1 Qb7 25. Qxb7 Rxb7 26. Bg5 f6 27.
Bh4 Kf7 28. h3 Nh6 29. g4 Rdd7 30. Re2 Ng8 31. Rd1 Ne7 32. Rde1 Nd5 33. Re6 Re7
34. f5 g5 35. Bg3 Rxe6 36. Rxe6 Nxc3 37. Bxd6 c4 38. Bc5 Rd7 39. Re1 Nxa2 40.
Ra1 Rd2 41. Bxa7 c3 42. Be3 Re2 43. Kf1 Rxe3 44. Rxa2 Rxh3 45. Kg2 Re3 46. Kf2
Re7 47. Kf3 Rc7 48. Rc2 Rc4 49. Ke2 Rxg4 50. Rxc3 Re4+ 51. Kd3 Re5 0-1

[Event "Hastings Masters 2011-12"]
[Site "Hastings ENG"]
[Date "2011.12.28"]
[Round "1.39"]
[White "Jaunooby, Ali R"]
[Black "Olson, Hamish"]
[Result "1-0"]
[WhiteElo "2144"]
[BlackElo "1965"]
[PlyCount "67"]
[EventDate "2011.12.28"]

1. d4 Nf6 2. Nf3 g6 3. Bg5 Bg7 4. Nbd2 c5 5. e3 O-O 6. Bd3 d5 7. c3 Nbd7 8. O-O
Qb6 9. Qc2 Re8 10. Qa4 a6 11. h3 Qd8 12. Bf4 Nh5 13. Bh2 e5 14. dxe5 Nxe5 15.
Nxe5 Bxe5 16. Bxe5 Rxe5 17. Nf3 Re8 18. Rad1 Bd7 19. Qa3 Qc7 20. Rd2 Nf6 21.
Rfd1 b6 22. Be2 Bc6 23. c4 dxc4 24. Bxc4 b5 25. Be2 Ne4 26. Rc2 Qe7 27. Bd3 c4
28. Qxe7 Rxe7 29. Nd4 Bd5 30. Be2 Bb7 31. b3 cxb3 32. Nxb3 Rc8 33. Rxc8+ Bxc8
34. Rd8+ 1-0

[Event "Hastings Masters 2011-12"]
[Site "Hastings ENG"]
[Date "2011.12.28"]
[Round "1.40"]
[White "Calvert, D Ian"]
[Black "Burnett, Jim"]
[Result "1/2-1/2"]
[WhiteElo "1947"]
[BlackElo "2137"]
[PlyCount "76"]
[EventDate "2011.12.28"]

1. b3 d5 2. Bb2 Bf5 3. Nf3 e6 4. e3 Nf6 5. c4 h6 6. Nc3 Be7 7. Be2 O-O 8. O-O
c6 9. d4 Nbd7 10. Bd3 Bxd3 11. Qxd3 Qc7 12. Rac1 Rad8 13. Qb1 Qb8 14. Rfd1 Bd6
15. h3 b5 16. c5 Bc7 17. b4 a5 18. a3 axb4 19. axb4 Qb7 20. Qc2 Ra8 21. Ra1
Rxa1 22. Rxa1 Ra8 23. Qb1 Rxa1 24. Bxa1 Qa8 25. Qa2 Qxa2 26. Nxa2 Nb8 27. Kf1
Nfd7 28. Ke2 f6 29. Bc3 Kf7 30. Nc1 e5 31. Nb3 e4 32. Ne1 f5 33. f4 exf3+ 34.
gxf3 g5 35. Nd3 Ke6 36. f4 Nf6 37. Ne5 g4 38. h4 Ng8 1/2-1/2

[Event "Hastings Masters 2011-12"]
[Site "Hastings ENG"]
[Date "2011.12.28"]
[Round "1.42"]
[White "Arias Castanedo, Jacinto"]
[Black "Cafferty, Bernard"]
[Result "1/2-1/2"]
[WhiteElo "1941"]
[BlackElo "2127"]
[PlyCount "64"]
[EventDate "2011.12.28"]

1. d4 e6 2. Nf3 Nf6 3. c4 Bb4+ 4. Bd2 Qe7 5. a3 Bxd2+ 6. Qxd2 d6 7. Nc3 e5 8.
e3 e4 9. Ng1 O-O 10. g3 c6 11. Bg2 d5 12. cxd5 cxd5 13. Nge2 Nc6 14. O-O Rd8
15. b4 Qd6 16. Nc1 Be6 17. Nb3 b6 18. b5 Ne7 19. Rfc1 Rac8 20. Qb2 h5 21. Nd2
Rc7 22. Na2 h4 23. Nb4 hxg3 24. hxg3 Ne8 25. Na6 Rxc1+ 26. Rxc1 Bc8 27. Nb4 Bb7
28. Rc3 Rc8 29. Qc1 Rxc3 30. Qxc3 Qc7 31. Nb1 Qxc3 32. Nxc3 Nc7 1/2-1/2

[Event "Hastings Masters 2011-12"]
[Site "Hastings ENG"]
[Date "2011.12.28"]
[Round "1.43"]
[White "Gregory, Stephen J"]
[Black "Hoare, Amy B"]
[Result "1/2-1/2"]
[WhiteElo "2124"]
[BlackElo "1930"]
[PlyCount "128"]
[EventDate "2011.12.28"]

1. e4 e5 2. Bc4 Nf6 3. Qe2 Nc6 4. Nf3 Be7 5. d3 O-O 6. c3 d6 7. Nbd2 Na5 8. Bb5
a6 9. Ba4 b5 10. Bc2 c5 11. Nf1 Nc6 12. Ng3 a5 13. O-O a4 14. a3 Re8 15. h3 h6
16. Nh2 d5 17. f4 exf4 18. Bxf4 Bd6 19. Nh5 Bxf4 20. Rxf4 Nxh5 21. Qxh5 Be6 22.
Rf2 Qg5 23. Qxg5 hxg5 24. Nf3 f6 25. g4 dxe4 26. dxe4 Bf7 27. Kg2 Ne5 28. Nxe5
Rxe5 29. Rd1 Rae8 30. Rf5 Bc4 31. Kf3 Kf7 32. Rxe5 Rxe5 33. Ke3 Ke7 34. Rd2 Re6
35. Rf2 Re5 36. Rh2 Be6 37. Bd3 Bd7 38. Be2 Bc6 39. Bf3 Kf7 40. h4 gxh4 41.
Rxh4 Kg8 42. Rh2 Re7 43. Rc2 g6 44. Rd2 Rd7 45. Rxd7 Bxd7 46. Bd1 Kf8 47. e5
Ke7 48. Kf4 g5+ 49. Ke4 Ke6 50. exf6 Bc6+ 51. Ke3 Kxf6 52. b3 axb3 53. Bxb3 Ke5
54. Bd1 Kd6 55. Kd3 Bg2 56. Be2 Kc6 57. c4 bxc4+ 58. Kxc4 Bd5+ 59. Kc3 Kb6 60.
Bc4 Bc6 61. Be6 Kb5 62. Kb3 Ka5 63. Kc4 Ka4 64. Kxc5 Bf3 1/2-1/2

[Event "Hastings Masters 2011-12"]
[Site "Hastings ENG"]
[Date "2011.12.28"]
[Round "1.45"]
[White "Almond, Richard J"]
[Black "O Grady, Gary P"]
[Result "1-0"]
[WhiteElo "2115"]
[BlackElo "1880"]
[PlyCount "77"]
[EventDate "2011.12.28"]

1. d4 f5 2. g3 Nf6 3. Bg2 e6 4. Nf3 Be7 5. O-O O-O 6. c4 d6 7. Nc3 Ne4 8. Qc2
Nxc3 9. Qxc3 Nd7 10. b4 Nf6 11. Nd2 d5 12. c5 c6 13. a4 Qe8 14. Rb1 a6 15. Qd3
Bd7 16. Rb3 Bd8 17. Nf3 Bc7 18. Bf4 Bxf4 19. gxf4 Qh5 20. Ne5 Ng4 21. Qh3 Qxh3
22. Bxh3 Nxe5 23. dxe5 Be8 24. Rfb1 a5 25. b5 cxb5 26. axb5 a4 27. Ra3 Ra5 28.
e4 Rxb5 29. Rxb5 Bxb5 30. exd5 exd5 31. Bg2 Bc4 32. Rxa4 Rc8 33. Ra7 Rc7 34. c6
Rxc6 35. Rxb7 Ra6 36. Bf3 Ra3 37. Kg2 d4 38. Rb4 Rc3 39. Rxc4 1-0

[Event "Hastings Masters 2011-12"]
[Site "Hastings ENG"]
[Date "2011.12.28"]
[Round "1.46"]
[White "Young, Mel J"]
[Black "Luaces Rubio, Alfredo"]
[Result "0-1"]
[WhiteElo "1889"]
[BlackElo "2020"]
[PlyCount "46"]
[EventDate "2011.12.28"]

1. e4 e5 2. f4 d5 3. exd5 e4 4. d3 Nf6 5. dxe4 Nxe4 6. Be3 Be7 7. Nf3 O-O 8.
Bc4 Bf6 9. c3 Re8 10. Nbd2 Nxc3 11. bxc3 Rxe3+ 12. Kf2 Rxc3 13. Re1 Bf5 14. Qa4
Nd7 15. Qb5 Nb6 16. d6 Bd7 17. dxc7 Qxc7 18. Bxf7+ Kxf7 19. Qh5+ Kg8 20. Ne4
Rc2+ 21. Kg3 Rf8 22. Ne5 Bxe5 23. fxe5 Rf5 0-1

[Event "Hastings Masters 2011-12"]
[Site "Hastings ENG"]
[Date "2011.12.28"]
[Round "1.49"]
[White "Bharathi, R."]
[Black "Murchadha, Oissine"]
[Result "0-1"]
[WhiteElo "2094"]
[BlackElo "1846"]
[PlyCount "56"]
[EventDate "2011.12.28"]

1. e4 c5 2. Nf3 d6 3. d4 cxd4 4. Nxd4 Nf6 5. Nc3 a6 6. f4 Qc7 7. a4 e6 8. Bd3
Be7 9. Qf3 Nbd7 10. O-O O-O 11. Kh1 Nc5 12. Bd2 Nfd7 13. Qg3 Nxd3 14. cxd3 Kh8
15. f5 Ne5 16. fxe6 fxe6 17. Rxf8+ Bxf8 18. Rf1 Bd7 19. Bf4 Qb6 20. Bxe5 dxe5
21. Nde2 Qd6 22. Ng1 Be7 23. Nf3 Rf8 24. Rd1 Qb4 25. Nxe5 Bd6 26. d4 Qxd4 27.
Qd3 Bxe5 28. Qe2 Qf2 0-1

[Event "Hastings Masters 2011-12"]
[Site "Hastings ENG"]
[Date "2011.12.28"]
[Round "1.50"]
[White "Kalairajah, Shyam"]
[Black "Pon, NKrithika"]
[Result "0-1"]
[WhiteElo "1830"]
[BlackElo "2091"]
[PlyCount "62"]
[EventDate "2011.12.28"]

1. e4 e5 2. Nf3 Nc6 3. Nc3 Nf6 4. d4 exd4 5. Nxd4 Bb4 6. Nxc6 bxc6 7. Bd3 d5 8.
exd5 cxd5 9. O-O O-O 10. Bg5 Be6 11. Qf3 Be7 12. Rfe1 Qd7 13. h3 Rfe8 14. Ne2
h6 15. Bf4 c5 16. c3 Qb7 17. Rab1 Ne4 18. Ng3 f5 19. Bc1 Rf8 20. Bc2 Rad8 21.
Nxe4 dxe4 22. Qg3 Bd6 23. Bf4 Bxf4 24. Qxf4 Bxa2 25. Rbc1 Qxb2 26. Qe3 Qb6 27.
Ra1 Bc4 28. Red1 Qc7 29. Rd2 Rxd2 30. Qxd2 Rd8 31. Qe3 Bd3 0-1

[Event "Hastings Masters 2011-12"]
[Site "Hastings ENG"]
[Date "2011.12.28"]
[Round "1.52"]
[White "Clayton, Tristan"]
[Black "Duff, Rufus"]
[Result "1/2-1/2"]
[WhiteElo "1812"]
[BlackElo "2088"]
[PlyCount "92"]
[EventDate "2011.12.28"]

1. e4 e5 2. Nf3 Nc6 3. d4 exd4 4. Nxd4 Bc5 5. Nxc6 Qf6 6. Qe2 dxc6 7. Nd2 Be6
8. Qf3 O-O-O 9. Bd3 Qxf3 10. Nxf3 f6 11. O-O Ne7 12. a3 Ng6 13. b4 Bb6 14. h3
c5 15. Re1 c4 16. Bf1 Ne5 17. Be3 Nxf3+ 18. gxf3 Bxe3 19. Rxe3 Rd2 20. Rc3 b5
21. a4 c5 22. axb5 cxb4 23. Bxc4 bxc3 24. Bxe6+ Kb8 25. Bb3 Rhd8 26. Ra4 R8d4
27. Ra6 Rd6 28. Ra4 R2d4 29. Ra3 Rd1+ 30. Kg2 Rc1 31. Kg3 Rdd1 32. Ra6 Rg1+ 33.
Kf4 Rg5 34. Rc6 Rxb5 35. Rxc3 Re1 36. Bd5 Rb2 37. Rc6 Rc1 38. c4 Rxf2 39. Re6
a5 40. Ra6 Ra1 41. Ra8+ Kc7 42. c5 Ra3 43. Ra7+ Kd8 44. Ra8+ Kc7 45. Ra7+ Kb8
46. Ra8+ Kc7 1/2-1/2

[Event "Hastings Masters 2011-12"]
[Site "Hastings ENG"]
[Date "2011.12.28"]
[Round "1.53"]
[White "Roubaud, Alexandre"]
[Black "Taylor, Adam C"]
[Result "1-0"]
[WhiteElo "2086"]
[BlackElo "1772"]
[PlyCount "53"]
[EventDate "2011.12.28"]

1. e4 c5 2. Nf3 d6 3. d4 cxd4 4. Nxd4 Nf6 5. Nc3 g6 6. Be3 Bg7 7. Qd2 Nc6 8. f3
O-O 9. O-O-O d5 10. exd5 Nxd5 11. Nxc6 bxc6 12. Bd4 Nxc3 13. Qxc3 Bh6+ 14. Be3
Bxe3+ 15. Qxe3 Qa5 16. Bc4 Ba6 17. Bb3 e6 18. h4 Qb6 19. Qg5 c5 20. h5 Bb5 21.
hxg6 fxg6 22. Qe7 h5 23. Bxe6+ Kh8 24. Bd7 Rab8 25. Rd6 Qd8 26. Rxh5+ gxh5 27.
Rh6+ 1-0

[Event "Hastings Masters 2011-12"]
[Site "Hastings ENG"]
[Date "2011.12.28"]
[Round "1.54"]
[White "Macrae, James S"]
[Black "Barton, R Alan"]
[Result "0-1"]
[WhiteElo "1740"]
[BlackElo "2073"]
[PlyCount "142"]
[EventDate "2011.12.28"]

1. d4 d6 2. e3 g6 3. Bd3 Bg7 4. Nf3 Nd7 5. c3 e5 6. e4 Ne7 7. dxe5 dxe5 8. Be3
O-O 9. O-O h6 10. Ne1 Nf6 11. Nd2 Ng4 12. Bc5 b6 13. Ba3 c5 14. h3 Nf6 15. b3
Nh5 16. Ndf3 Be6 17. Bc1 Qc7 18. Be3 Rad8 19. Qc2 Nc6 20. Rd1 Rd7 21. Be2 Rxd1
22. Bxd1 Rd8 23. Be2 Nf4 24. Nd3 Nxe2+ 25. Qxe2 c4 26. Nc1 cxb3 27. Nxb3 Ne7
28. Rc1 Bc4 29. Qe1 a5 30. Rd1 a4 31. Rxd8+ Qxd8 32. Nc1 f5 33. Nd2 Bf7 34. f3
f4 35. Bf2 Nc6 36. Nb1 Bf8 37. Qe2 Na5 38. Qc2 b5 39. Kf1 Nc4 40. Ke2 Qc7 41.
Nd3 g5 42. Nc1 Bc5 43. Nd3 Bxf2 44. Nxf2 Ne3 45. Qd2 Qc4+ 46. Nd3 Qxa2 47. Qxa2
Bxa2 48. Na3 Bc4 49. Kd2 Bxd3 50. Kxd3 Nxg2 51. Nxb5 Ne1+ 52. Ke2 Nc2 53. Kd2
Ne3 54. Na3 Kf7 55. c4 Ke6 56. Kc3 Kd6 57. Kb4 Kc6 58. Kxa4 Kc5 59. Kb3 Nf1 60.
Kc3 Nh2 61. Nc2 Nxf3 62. Nb4 h5 63. Nd3+ Kc6 64. Nf2 Kd6 65. Kd3 Nh2 66. Ke2 g4
67. hxg4 hxg4 68. Kd2 g3 69. Nh3 Kc5 70. Kd3 Nf3 71. Nxf4 exf4 0-1

[Event "Hastings Masters 2011-12"]
[Site "Hastings ENG"]
[Date "2011.12.28"]
[Round "1.57"]
[White "Kurka, Dieter"]
[Black "Rajesh, Gorak"]
[Result "1-0"]
[WhiteElo "2058"]
[BlackElo "1401"]
[PlyCount "97"]
[EventDate "2011.12.28"]

1. d4 Nf6 2. Nf3 c5 3. c4 cxd4 4. Nxd4 g6 5. Nc3 Bg7 6. e3 d6 7. Be2 O-O 8. O-O
Nc6 9. b3 Nxd4 10. exd4 Be6 11. Bf4 d5 12. c5 Ne4 13. Rc1 Rc8 14. b4 a6 15. Na4
f5 16. f3 Nf6 17. Nb6 Rc6 18. b5 axb5 19. Bxb5 Rxb6 20. cxb6 Qxb6 21. a4 Nh5
22. Be3 f4 23. Bf2 Bf5 24. Rc5 Rd8 25. Bh4 Bf6 26. Bxf6 Qxf6 27. Qd2 Qh4 28.
Rfc1 Qf6 29. Rc7 Rb8 30. Qb4 Kf8 31. Re1 Be6 32. Bd7 Ng7 33. Re5 Bxd7 34. Rxd7
Nf5 35. Rexd5 Re8 36. Rxb7 Qe6 37. Re5 Qa2 38. a5 Ne3 39. Qb2 Qc4 40. Qa1 Qe2
41. Rb2 Qa6 42. Re4 g5 43. h4 h6 44. hxg5 hxg5 45. Re5 Kf7 46. Rxg5 Qh6 47.
Rbb5 Rh8 48. Rh5 Qg6 49. Qa2+ 1-0

[Event "Hastings Masters 2011-12"]
[Site "Hastings ENG"]
[Date "2011.12.29"]
[Round "2.2"]
[White "Arkell, Keith C"]
[Black "Edouard, Romain"]
[Result "0-1"]
[WhiteElo "2418"]
[BlackElo "2621"]
[PlyCount "100"]
[EventDate "2011.12.28"]

1. d4 Nf6 2. Nf3 b6 3. c4 Bb7 4. Nc3 e6 5. a3 d5 6. cxd5 Nxd5 7. Qc2 Nxc3 8.
bxc3 Be7 9. e4 Nd7 10. c4 c5 11. d5 Bf6 12. Bb2 Bxb2 13. Qxb2 Qf6 14. Qxf6 gxf6
15. Bd3 Rg8 16. O-O f5 17. Rfe1 O-O-O 18. dxe6 fxe6 19. Re3 Nf6 20. exf5 Ng4
21. Rae1 Nxe3 22. Rxe3 exf5 23. Bxf5+ Kb8 24. h4 h6 25. g4 h5 26. Ng5 hxg4 27.
Kh2 Rd4 28. Kg3 Bc8 29. Bxc8 Kxc8 30. Nf7 Rd1 31. h5 Rf8 32. Re7 Rd7 33. Rxd7
Kxd7 34. Ne5+ Ke6 35. Nxg4 Rd8 36. Kf4 Rd4+ 37. Kg5 Rxc4 38. f4 Rc1 39. f5+ Kf7
40. Ne5+ Kg8 41. f6 Kh7 42. Kf5 c4 43. f7 Rf1+ 44. Ke6 c3 45. Ke7 Kg7 46. h6+
Kxh6 47. f8=Q+ Rxf8 48. Kxf8 Kg5 49. Ke7 Kf4 50. Nd3+ Ke3 0-1

[Event "Hastings Masters 2011-12"]
[Site "Hastings ENG"]
[Date "2011.12.29"]
[Round "2.2"]
[White "Istratescu, Andrei"]
[Black "Houska, Jovanka"]
[Result "1-0"]
[WhiteElo "2627"]
[BlackElo "2415"]
[PlyCount "59"]
[EventDate "2011.12.28"]

1. e4 c6 2. c4 d5 3. exd5 cxd5 4. cxd5 Nf6 5. Nc3 Nxd5 6. Nf3 e6 7. d4 Be7 8.
Bd3 O-O 9. O-O Nf6 10. Re1 Nc6 11. a3 b6 12. Bc2 Bb7 13. Qd3 g6 14. Bh6 Re8 15.
Rad1 Rc8 16. Bb3 Na5 17. Ba2 Bd5 18. Nxd5 Nxd5 19. h4 Qc7 20. Rc1 Qd6 21. h5
Rxc1 22. Rxc1 Nf4 23. Qb5 Ra8 24. hxg6 hxg6 25. b4 a6 26. Qf1 Nb7 27. Ne5 Nd5
28. Qd3 Bf8 29. Bg5 Ne7 30. Qf3 1-0

[Event "Hastings Masters 2011-12"]
[Site "Hastings ENG"]
[Date "2011.12.29"]
[Round "2.5"]
[White "Sengupta, Deep"]
[Black "Rendle, Thomas E"]
[Result "1-0"]
[WhiteElo "2562"]
[BlackElo "2389"]
[PlyCount "71"]
[EventDate "2011.12.28"]

1. e4 e6 2. d4 d5 3. e5 c5 4. c3 Qb6 5. Nf3 Nc6 6. Be2 Nh6 7. Bd3 Bd7 8. Bc2
cxd4 9. cxd4 Nb4 10. Bxh6 gxh6 11. Nc3 O-O-O 12. Bb1 Nc6 13. Qd2 Na5 14. Bd3
Nc4 15. Bxc4 dxc4 16. Qe2 Bc6 17. O-O Rg8 18. Rfd1 Rg4 19. Qxc4 Kb8 20. Qe2 Be7
21. h3 Rf4 22. Rd3 Rg8 23. Rad1 Bb4 24. d5 Bd7 25. Qd2 Rc4 26. Qxh6 Bc5 27.
R1d2 exd5 28. Qxh7 Rc8 29. Nxd5 Rc1+ 30. Kh2 Qa6 31. Nf6 Be6 32. Nd7+ Bxd7 33.
Rxd7 Qf1 34. Kg3 Rd1 35. Rxd1 Qxf2+ 36. Kh2 1-0

[Event "Hastings Masters 2011-12"]
[Site "Hastings ENG"]
[Date "2011.12.29"]
[Round "2.6"]
[White "Anwesh, Upadhyaya"]
[Black "Vovk, Andrey"]
[Result "1/2-1/2"]
[WhiteElo "2413"]
[BlackElo "2551"]
[PlyCount "98"]
[EventDate "2011.12.28"]

1. d4 Nf6 2. c4 g6 3. g3 Bg7 4. Bg2 O-O 5. Nc3 d6 6. Nf3 Nc6 7. O-O a6 8. Qd3
b5 9. d5 Na5 10. cxb5 axb5 11. b4 c5 12. Rb1 Ba6 13. Nxb5 c4 14. Qc2 Bxb5 15.
bxa5 Qxa5 16. Nd4 Bd7 17. Qxc4 Qxa2 18. Qxa2 Rxa2 19. Rb7 Rfa8 20. Bg5 Kf8 21.
Nc6 Ke8 22. e4 h6 23. Be3 Ra1 24. Bd4 Rxf1+ 25. Bxf1 Nh5 26. Ba7 Nf6 27. f3 e6
28. Bc4 Nxd5 29. exd5 Bxc6 30. dxc6 Rxa7 31. Kg2 Bd4 32. Rb8+ Ke7 33. Bb5 d5
34. Rb7+ Rxb7 35. cxb7 Ba7 36. g4 e5 37. Bc6 Ke6 38. h4 Kd6 39. Be8 Ke6 40. Kf1
e4 41. Ke2 Ke7 42. Bc6 Kd6 43. Be8 Ke6 44. fxe4 dxe4 45. b8=Q Bxb8 46. Ke3 Ke7
47. Bc6 f5 48. gxf5 gxf5 49. Bxe4 fxe4 1/2-1/2

[Event "Hastings Masters 2011-12"]
[Site "Hastings ENG"]
[Date "2011.12.29"]
[Round "2.7"]
[White "Hebden, Mark L"]
[Black "Vuilleumier, Alexandre"]
[Result "1-0"]
[WhiteElo "2515"]
[BlackElo "2356"]
[PlyCount "51"]
[EventDate "2011.12.28"]

1. d4 Nf6 2. Nf3 e6 3. c3 b6 4. Bg5 Bb7 5. Nbd2 h6 6. Bxf6 Qxf6 7. e4 c5 8. Bb5
cxd4 9. cxd4 Bb4 10. d5 O-O 11. O-O d6 12. a3 Bxd2 13. Qxd2 Na6 14. b4 Rac8 15.
Bc6 Rc7 16. Rac1 e5 17. Qd3 Nb8 18. Bxb7 Rxb7 19. Rc3 Qe7 20. Rfc1 Kh7 21. Nd2
Rd8 22. Nf1 Rdd7 23. Rc8 Rdc7 24. R1xc7 Rxc7 25. Rxb8 Rc1 26. Qb5 1-0

[Event "Hastings Masters 2011-12"]
[Site "Hastings ENG"]
[Date "2011.12.29"]
[Round "2.8"]
[White "Godard, Maxence"]
[Black "Williams, Simon K"]
[Result "1/2-1/2"]
[WhiteElo "2333"]
[BlackElo "2513"]
[PlyCount "69"]
[EventDate "2011.12.28"]

1. d4 e6 2. c4 f5 3. g3 Nf6 4. Bg2 Be7 5. Nf3 O-O 6. O-O d6 7. Nc3 Ne4 8. Bd2
Nc6 9. d5 Nxd2 10. Qxd2 Ne5 11. Nxe5 dxe5 12. Rad1 e4 13. Qc2 Qe8 14. f3 exf3
15. exf3 f4 16. Bh3 exd5 17. Bxc8 Rxc8 18. Nxd5 fxg3 19. hxg3 Bd6 20. Kg2 Qh5
21. c5 Bxg3 22. Kxg3 Qg5+ 23. Kh2 c6 24. Qg2 Qh5+ 25. Qh3 Qxh3+ 26. Kxh3 cxd5
27. Rxd5 Rc6 28. Kg3 Rg6+ 29. Kf2 Rgf6 30. Ke3 Re8+ 31. Kd3 Re7 32. b4 Ra6 33.
Rf2 Kf7 34. Kc4 Ke8 35. Rfd2 1/2-1/2

[Event "Hastings Masters 2011-12"]
[Site "Hastings ENG"]
[Date "2011.12.29"]
[Round "2.9"]
[White "Holzke, Frank"]
[Black "Massoni, Michael"]
[Result "1/2-1/2"]
[WhiteElo "2506"]
[BlackElo "2304"]
[PlyCount "134"]
[EventDate "2011.12.28"]

1. d4 Nf6 2. Nf3 g6 3. c4 Bg7 4. Nc3 d5 5. cxd5 Nxd5 6. e4 Nxc3 7. bxc3 c5 8.
Be3 O-O 9. Qd2 Qa5 10. Rc1 cxd4 11. cxd4 Qxd2+ 12. Nxd2 Nc6 13. Nb3 a5 14. d5
Nb4 15. a3 Na2 16. Rc2 Nc3 17. f3 Bd7 18. Nc5 Bb5 19. Bxb5 Nxb5 20. a4 Na3 21.
Ra2 Nc4 22. Ke2 Rfc8 23. Nd3 e6 24. dxe6 fxe6 25. Rb1 Nxe3 26. Kxe3 Rc3 27. Ke2
Rd8 28. Ne1 Rd7 29. Rd1 Rdc7 30. Nd3 Bh6 31. f4 R7c4 32. Ke3 e5 33. g3 g5 34.
fxe5 g4+ 35. Kf2 Rd4 36. Ke2 Rxe4+ 37. Kf1 Rd4 38. Nf2 Rxd1+ 39. Nxd1 Rc1 40.
Ke2 Rc5 41. Nf2 Rxe5+ 42. Kd3 Re3+ 43. Kc2 Re2+ 44. Kb3 Rxa2 45. Kxa2 Be3 46.
Nxg4 Bg1 47. Kb3 Kf7 48. Ne5+ Ke6 49. Nf3 Bf2 50. Ng5+ Kf5 51. Nxh7 Bc5 52. Kc4
Bb4 53. h4 Bd6 54. Kb5 Kg6 55. Ng5 Bxg3 56. Nf3 Bc7 57. Nd4 Bd8 58. h5+ Kxh5
59. Ne6 Bh4 60. Nc5 b6 61. Kxb6 Bf2 62. Kb5 Kg5 63. Nd3 Be3 64. Kxa5 Kf6 65.
Ka6 Bd2 66. Kb7 Ke7 67. Nc5 Bb4 1/2-1/2

[Event "Hastings Masters 2011-12"]
[Site "Hastings ENG"]
[Date "2011.12.29"]
[Round "2.10"]
[White "Snape, Ian L"]
[Black "Lalith, Babu M.R"]
[Result "0-1"]
[WhiteElo "2231"]
[BlackElo "2484"]
[PlyCount "98"]
[EventDate "2011.12.28"]

1. e4 c6 2. d4 d5 3. e5 Bf5 4. h4 h5 5. Bg5 Qb6 6. Bd3 Bxd3 7. Qxd3 e6 8. Nd2
Qa6 9. c4 Ne7 10. Ngf3 Nd7 11. O-O Nf5 12. Qc2 Bb4 13. b3 O-O 14. a3 Bxd2 15.
Bxd2 dxc4 16. bxc4 Rac8 17. c5 b6 18. a4 Rfe8 19. Rfe1 Nf8 20. Re4 Red8 21.
cxb6 axb6 22. Bb4 Ng6 23. Qc3 Qb7 24. Rae1 Rd5 25. a5 bxa5 26. Bc5 a4 27. Ra1
Ra8 28. g3 Nf8 29. Re2 Nd7 30. Rb2 Qa6 31. Rb4 Nxc5 32. dxc5 a3 33. Ng5 Rd3 34.
Qc2 Rad8 35. Ra4 Nd4 36. Rxa6 Nxc2 37. Ra2 Nb4 38. R2xa3 Nxa6 39. Rxa6 R3d5 40.
Rxc6 Rxe5 41. Rc7 f6 42. f4 Re2 43. Kf1 Rc2 44. Rxg7+ Kxg7 45. Nxe6+ Kg6 46.
Nxd8 Rxc5 47. Kg2 Kf5 48. Nf7 Rd5 49. Kh3 Kg6 0-1

[Event "Hastings Masters 2011-12"]
[Site "Hastings ENG"]
[Date "2011.12.29"]
[Round "2.11"]
[White "Das, Arghyadip"]
[Black "Marusenko, Petr"]
[Result "1-0"]
[WhiteElo "2470"]
[BlackElo "2198"]
[PlyCount "53"]
[EventDate "2011.12.28"]

1. e4 c6 2. d4 d5 3. f3 g6 4. Nc3 Bg7 5. Be3 Qb6 6. Na4 Qa5+ 7. c3 dxe4 8. fxe4
Nf6 9. e5 Ng4 10. Bd2 O-O 11. Be2 Nh6 12. Nf3 f6 13. Nc5 Nf7 14. Bc4 b5 15. Bb3
Na6 16. Ne4 Qd8 17. a4 b4 18. O-O bxc3 19. Bxc3 Kh8 20. Kh1 Nh6 21. Bc4 Rb8 22.
Qe1 Qb6 23. b4 Bf5 24. exf6 exf6 25. a5 Qc7 26. Bxa6 Rbe8 27. Qg3 1-0